[Event "CRI-chT"]
[Site "San Jose"]
[Date "2024.06.02"]
[Round "5.4"]
[White "Valverde Mora, Mauricio"]
[Black "Cersosimo Bolanos, Francisco"]
[Result "1-0"]
[WhiteElo "1943"]
[BlackElo "1982"]
[PlyCount "52"]
[EventDate "2024.04.28"]
[EventType "team-swiss"]
[EventRounds "7"]
[EventCountry "CRI"]
[SourceTitle "EXT 2025"]
[Source "ChessBase"]
[SourceDate "2024.10.14"]
[SourceVersion "1"]
[SourceVersionDate "2024.10.14"]
[SourceQuality "1"]
[WhiteTeam "Costa Rica Univ"]
[BlackTeam "Millenium"]
[WhiteTeamCountry "CRI"]
[BlackTeamCountry "CRI"]

1. d4 d6 2. c4 g6 3. Nc3 Bg7 4. e4 Nc6 5. Nge2 e5 6. d5 Nce7 7. Be3 f5 8. f3 Nf6 9. Qd2 0-0 10. 0-0-0 a6 11. Kb1 b5 12. exf5 Bxf5+ 13. Kc1 bxc4 14. Ng3 Bd3 15. Bxd3 cxd3 16. Qxd3 Qb8 17. h4 Qb7 18. h5 Rac8 19. hxg6 hxg6 20. Nge4 Nxe4 21. fxe4 c6 22. dxc6 Rxc6 23. Bg5 Rf2 24. Rd2 Rxd2 25. Qxd2 Qd7 26. Bxe7 Qxe7 1-0

[Event "CRI-ch 67th"]
[Site "Cenfotec"]
[Date "2003.06.21"]
[Round "8"]
[White "Cersosimo Bolanos, Francisco"]
[Black "Carvajal Gorgona, Jonathan G"]
[Result "1-0"]
[WhiteElo "2134"]
[BlackElo "2178"]
[PlyCount "69"]
[EventDate "2003.06.13"]
[EventType "swiss"]
[EventRounds "11"]
[EventCountry "CRI"]
[SourceTitle "CBM 094 Extra"]
[Source "ChessBase"]
[SourceDate "2003.07.09"]
[SourceVersion "2"]
[SourceVersionDate "2003.07.09"]
[SourceQuality "1"]

1. a3 Nf6 2. g3 g6 3. Bg2 Bg7 4. c4 d5 5. cxd5 Nxd5 6. Nc3 Nxc3 7. bxc3 0-0 8. Rb1 Nd7 9. Nf3 Nb6 10. 0-0 Bd7 11. Nd4 Qc8 12. Qb3 Rd8 13. Nf3 Bc6 14. d3 h6 15. Bb2 e5 16. Nd2 Bxg2 17. Kxg2 c5 18. Ba1 Rd7 19. Nc4 Qc6+ 20. Kg1 e4 21. dxe4 Qxe4 22. Nxb6 axb6 23. Qxb6 c4 24. e3 Rxa3 25. Qc5 Ra8 26. Rb4 Qc2 27. Qxc4 Kh7 28. Qb3 Qe2 29. Rxb7 Rxb7 30. Qxb7 Qa2 31. Rc1 Ra7 32. Qb2 Qc4 33. Qb1 h5 34. h4 Qd5 35. c4 1-0

[Event "CRI-ch 67th"]
[Site "Cenfotec"]
[Date "2003.06.13"]
[Round "1"]
[White "Hernandez Basante, Francisco"]
[Black "Cersosimo Bolanos, Francisco"]
[Result "1-0"]
[WhiteElo "2268"]
[BlackElo "2134"]
[PlyCount "61"]
[EventDate "2003.06.13"]
[EventType "swiss"]
[EventRounds "11"]
[EventCountry "CRI"]
[SourceTitle "CBM 094 Extra"]
[Source "ChessBase"]
[SourceDate "2003.07.09"]
[SourceVersion "2"]
[SourceVersionDate "2003.07.09"]
[SourceQuality "1"]

1. e4 d5 2. exd5 Qxd5 3. Nc3 Qa5 4. d4 Nf6 5. Nf3 Bg4 6. h3 Bh5 7. g4 Bg6 8. Bc4 Ne4 9. Bd2 Nxd2 10. Qxd2 Nc6 11. Bb5 0-0-0 12. Bxc6 bxc6 13. Ne5 Rd6 14. 0-0-0 Qa6 15. f4 f6 16. Nxg6 hxg6 17. Kb1 e6 18. Qe3 Kb8 19. Ne4 Rd5 20. Nc3 Rd6 21. b3 f5 22. Na4 Be7 23. Nc5 Qc8 24. g5 Re8 25. Nd3 Rd5 26. Ne5 Qa6 27. Qd3 Qb7 28. Qc4 c5 29. dxc5 Bxc5 30. Rxd5 Qxd5 31. Qxd5 1-0

[Event "CRI-ch"]
[Site "San Jose"]
[Date "2002.??.??"]
[Round "2"]
[White "Cersosimo Bolanos, Francisco"]
[Black "Minero Pineda, Sergio"]
[Result "0-1"]
[WhiteElo "2040"]
[BlackElo "2398"]
[PlyCount "126"]
[EventDate "2002.06.??"]
[EventType "swiss"]
[EventRounds "11"]
[EventCountry "CRI"]
[SourceTitle "EXT 2007"]
[Source "ChessBase"]
[SourceDate "2006.11.23"]
[SourceVersion "1"]
[SourceVersionDate "2006.11.23"]
[SourceQuality "1"]

1. e4 e6 2. c4 d5 3. cxd5 exd5 4. exd5 Nf6 5. Bb5+ Nbd7 6. Nc3 Be7 7. Nge2 0-0 8. Qb3 Nc5 9. Qc2 Nxd5 10. a3 c6 11. Bc4 Nb6 12. d4 Nxc4 13. dxc5 Ne5 14. 0-0 Bxc5 15. Ng3 Qd3 16. Qa4 Be6 17. Nce4 Bh3 18. Qd1 Nf3+ 19. Qxf3 Qxf3 20. gxf3 Bxf1 21. Kxf1 Be7 22. f4 f5 23. Nd2 Bf6 24. Nf3 Rad8 25. Be3 b6 26. Ke2 Rfe8 27. Rd1 Rxd1 28. Kxd1 Kf7 29. Kc2 Kg6 30. h3 h6 31. Ne2 Kf7 32. Ned4 Kg6 33. Ne2 Kf7 34. Ned4 g6 35. b3 c5 36. Nb5 Re7 37. Nd6+ Ke6 38. Nc4 b5 39. Ncd2 Kd5 40. Kd3 Re6 41. Nb1 Ra6 42. Kc2 Rc6 43. Nfd2 g5 44. Nc3+ Bxc3 45. Kxc3 g4 46. h4 Ra6 47. Nb1 Rg6 48. Kd3 g3 49. Nc3+ Kc6 50. Ne2 g2 51. f3 a5 52. Kd2 Rd6+ 53. Kc2 Rd8 54. Bf2 Ra8 55. Bg1 a4 56. b4 cxb4 57. axb4 Kd5 58. Nd4 Kc4 59. Nxf5 Kxb4 60. Ne3 Rc8+ 61. Kd2 a3 62. Nc2+ Ka4 63. f5 b4 0-1

[Event "CRI-ch"]
[Site "San Jose"]
[Date "2001.06.26"]
[Round "1"]
[White "Cersosimo Bolanos, Francisco"]
[Black "Arias Santana, Mauricio"]
[Result "1/2-1/2"]
[WhiteElo "2172"]
[BlackElo "2207"]
[PlyCount "169"]
[EventDate "2001.05.26"]
[EventType "swiss"]
[EventRounds "13"]
[EventCountry "CRI"]
[SourceTitle "CBM 082 Extra"]
[Source "ChessBase"]
[SourceDate "2001.07.03"]
[SourceVersion "1"]
[SourceVersionDate "2001.07.03"]
[SourceQuality "1"]

1. e4 c5 2. Nc3 e6 3. f4 d5 4. d3 Nc6 5. g3 g6 6. Bg2 Nge7 7. Nf3 Bg7 8. 0-0 dxe4 9. dxe4 0-0 10. Ne2 b6 11. c3 Ba6 12. Qxd8 Raxd8 13. Re1 Rd7 14. Kf2 Na5 15. Nd2 Rfd8 16. Nf1 Nc4 17. e5 Nd5 18. Bf3 f6 19. Bg4 f5 20. Bf3 g5 21. b3 Na5 22. Ne3 Nxe3 23. Bxe3 g4 24. Bg2 Bf8 25. Bf1 h5 26. Bg2 Bb5 27. Rac1 Bc6 28. Bxc6 Nxc6 29. Rh1 a5 30. a4 Rd3 31. Rc2 Ne7 32. Nc1 Rd1 33. Re1 h4 34. Ke2 Rxe1+ 35. Kxe1 Nd5 36. Bf2 hxg3 37. hxg3 Rd7 38. c4 Nb4 39. Rd2 Rh7 40. Ne2 Nc6 41. Kf1 Rb7 42. Kg2 Kf7 43. Nc3 Ke8 44. Nb5 Nd8 45. Be1 Rd7 46. Rxd7 Kxd7 47. Nc3 Nc6 48. Ne2 Nd4 49. Nc1 Kc6 50. Bf2 Nf3 51. Kf1 Bh6 52. Ke2 Nxe5 53. fxe5 Bxc1 54. Be3 Bb2 55. Bf4 Kd7 56. Kf1 Ke7 57. Kg2 Ke8 58. Kf1 Kf7 59. Kg2 Bc3 60. Kf1 Kg7 61. Ke2 Kg6 62. Kf1 Kh5 63. Ke2 Bb2 64. Kf1 Bd4 65. Kg2 Ba1 66. Kf1 Kg6 67. Ke2 Kf7 68. Kd3 Bb2 69. Ke2 Ke7 70. Kf1 Kd8 71. Ke2 Kc7 72. Kd3 Bd4 73. Ke2 Kb7 74. Kd3 Bg1 75. Ke2 Ka6 76. Kf1 Bd4 77. Ke2 Bc3 78. Kf1 Ba1 79. Ke2 Bb2 80. Kd3 Ba3 81. Ke2 Bb4 82. Kd3 Kb7 83. Ke2 Kc7 84. Kf1 b5 85. Ke2 1/2-1/2

[Event "CRI-ch"]
[Site "San Jose"]
[Date "2001.06.16"]
[Round "13"]
[White "Cersosimo Bolanos, Francisco"]
[Black "Barrios, Carlos"]
[Result "0-1"]
[WhiteElo "2172"]
[BlackElo "2188"]
[PlyCount "86"]
[EventDate "2001.05.26"]
[EventType "swiss"]
[EventRounds "13"]
[EventCountry "CRI"]
[SourceTitle "CBM 082 Extra"]
[Source "ChessBase"]
[SourceDate "2001.07.03"]
[SourceVersion "1"]
[SourceVersionDate "2001.07.03"]
[SourceQuality "1"]

1. c4 c5 2. Nc3 Nc6 3. e4 g6 4. f4 Bg7 5. Nf3 d6 6. Bd3 e6 7. 0-0 Nge7 8. Qe1 0-0 9. h3 a6 10. g4 f5 11. exf5 exf5 12. g5 Rb8 13. a4 b6 14. Ra3 Nd4 15. Ne2 Nxf3+ 16. Rxf3 Bb7 17. Rg3 d5 18. Nc3 d4 19. Nd1 Nc8 20. Bf1 Nd6 21. d3 Re8 22. Qf2 Qe7 23. Bd2 b5 24. b3 bxc4 25. bxc4 Bc6 26. Ra1 Rb3 27. Bc1 Qb7 28. Ba3 Nxc4 29. dxc4 d3 30. Bxc5 Bxa1 31. Rxd3 Rxd3 32. Bxd3 Qb3 33. Qc2 Bxa4 34. Qxb3 Bxb3 35. Ne3 a5 36. Kf2 a4 37. Nd5 Bb2 38. Nf6+ Bxf6 39. gxf6 Rc8 40. Ba3 Bxc4 41. Ke3 Bxd3 42. Kxd3 Rb8 43. Kc2 Rb3 0-1